Łacińskie słowa #2 - Statystyki

Ogólne statystyki
  • Ten quiz został rozwiązany 2 104 razy
    2 102 od ostatniego zresetowania
  • Średni wynik to 9 z 24
Statystyki odpowiedzi
Łaciński Polski % Poprawnych
Aqua Woda
100%
Terra Ziemia
76%
Primus Pierwszy
64%
Vita Życie
59%
Pater Ojciec
57%
Crux Krzyż
51%
Vox Głos
47%
Canis Pies
45%
Septem Siedem
40%
Somnus Sen
39%
Magnus Wielki
36%
Urbs Miasto
35%
Oculus Oko
34%
Centum Sto
33%
Piscis Ryba
31%
Aurum Złoto
30%
Ante Zanim
23%
Dulcis Słodki
22%
Equus Koń
20%
Hibernum Zima
13%
Pectus Pierś
11%
Opus Praca
10%
Sal Słony
6%
Dexter Prawidłowy
5%
Nie znaleziono quizów pasujących do podanych kryteriów
Rozkład punktacji
Procent ludzi z każdym wynikiem
Percentyl według liczby udzielonych odpowiedzi
Twoja historia wyników
Nie rozwiązałeś tego quizu od ostatniego zresetowania